| 000 | 00749cam a22002294a 4500 | ||
|---|---|---|---|
| 001 | 12255010 | ||
| 005 | 20130210114345.0 | ||
| 008 | 001212s2001 paua b 001 0 eng | ||
| 010 | _a 00069159 | ||
| 020 | _a0781727332 (pbk.) | ||
| 082 | 0 | 0 |
_a617.695 _221 _bFER |
| 100 | 1 |
_aFerracane, Jack L. _932536 |
|
| 245 | 1 | 0 |
_aMaterials in Dentistry : _bPrinciples and Applications / _cJack L. Ferracane. |
| 250 | _a2nd ed. | ||
| 260 |
_aPhiladelphia : _bLippincott Williams & Wilkins, _cc2001. |
||
| 300 |
_axiv, 354 p. : _bill. ; _c26 cm. |
||
| 504 | _aIncludes bibliographical references and index. | ||
| 650 | 0 |
_aDental materials. _932537 |
|
| 653 |
_bDent _cFebruary2013 |
||
| 906 |
_a7 _bcbc _corignew _d1 _eocip _f20 _gy-gencatlg |
||
| 942 |
_2ddc _cDN |
||
| 999 |
_c17273 _d17245 |
||